000
00218 a2200097 4500
001
56105
100
_a
245
_a
Intellectual history of the social order
260
_a
Islamabad
_b
Nnewnes
_c
090
_c
34755
_d
34755
942
_a
NUST-CAE
_c
_c
27508
999
_c
291178
_d
291178